Nouvelles Merveilles du Monde - Sites Candidats - Statistiques

Statistiques générales
  • Ce quiz a été pris 38 fois
  • Le résultat moyen est 10 sur 21
Statistiques - réponses
Candidates Pays Période de Construction % Correct
Grande Muraille de Chine Chine - 300
87%
Pétra Jordanie - 300
84%
Colisée Italie 72
82%
Machu picchu Pérou 1450
74%
Statue du Christ Rédempteur Brésil 1931
74%
Acropole d'Athènes Grèce - 447
71%
Tour Eiffel France 1887
71%
Taj Mahal Inde 1643
68%
Stonehenge Royaume-Uni - 2400
58%
Opéra de Sydney Australie 1973
55%
Pyramide de Khéops Égypte - 2560
45%
Angkor Wât Cambodge 1130
39%
Chichén Itzá Mexique VIIIème - IXème siècle
39%
Statue de la Liberté États-Unis 1886
37%
Basilique Sainte-Sophie Turquie 532 - 548
34%
Alhambra Espagne 1238
32%
Kremlin Russie 1485 - 1516
32%
Tombouctou Mali 1325
26%
Statues Moaï Chili (île) XIIIème - XVème siècle
24%
Château de Neuschwanstein Allemagne 1869
11%
Kiyomizu-dera Japon 1633
3%
Aucun quiz correspondant
Distribution des résultats
% des personnes avec chaque résultat
Percentile par nombre de réponses
Votre historique - résultats
Vous n’avez pas pris ce quiz